Um caso de verão (Record no. 2010)
[ view plain ]
| 000 -Etiqueta do registo | |
|---|---|
| Valores | 00723nam a2200265 4500 |
| 010 ## - Número ISBN | |
| ISBN | 9789895839421 |
| 021 ## - Número do Depósito Legal | |
| Código do país | Portugal |
| Número | 548128/25 |
| 100 ## - Dados gerais de processamento | |
| Dados gerais | 20251124d2025 m||y0pory50030103ba |
| 101 ## - Língua de publicação | |
| Língua | Português |
| 102 ## - País de publicação | |
| País | Portugal |
| 200 ## - Titulo e menção de responsabilidade | |
| Título próprio | Um caso de verão |
| Primeira menção de responsabilidade | Elle Kennedy |
| Outras menções de responsabilidade | trad. Isabel Moreira |
| 205 ## - Menção da edição | |
| Edição | 1ª edição |
| 210 ## - Publicação | |
| Local de publicação | Lisboa |
| Nome do editor | Topseller |
| Data de publicação | 2025 |
| 215 ## - Descrição física | |
| Paginação / Volumes | 383 p. |
| Dimensões | 23 cm |
| 300 ## - Notas gerais | |
| Texto da nota | BMB-Registado |
| 304 ## - Nota relativa ao título | |
| Texto de nota | Tít. orig.: The summer girl |
| 606 ## - Nome comum usado como assunto | |
| ID Autoridade | 2632 |
| Palavra de ordem | Literatura canadiana em língua lnglesa |
| 606 ## - Nome comum usado como assunto | |
| ID Autoridade | 779 |
| Palavra de ordem | Romance |
| 675 ## - CDU | |
| Notação | 821.111(71)-31 |
| Edição | BMB |
| Língua | por |
| 700 ## - Autor principal (pessoa individual) | |
| Apelido | Kennedy |
| Nome | Elle |
| ID Autoridade | 1869 |
| 702 ## - Autor secundário (pessoa individual) | |
| Apelido | Moreira |
| Nome | Isabel |
| Função | Tradutor |
| ID Autoridade | 1870 |
| 801 ## - Fonte de origem | |
| País | PT |
| Agência | BMB |
| Regras de catalogação | RPC |
| 990 ## - Elementos KOHA | |
| Tipo de documento | Livro |
| Situação do levantamento | Estado | Número | Biblioteca de origem | Código de barras | Cota | Permissão de empréstimo | Tipo de documento | Forma de aquisição |
|---|---|---|---|---|---|---|---|---|
| 1 | Biblioteca Municipal de Borba | 1960 | 821.111(71)-31 KEN / CAS | Livro | Compra |